| 000 | 01033nam a22002177a 4500 | ||
|---|---|---|---|
| 005 | 20240305165349.0 | ||
| 008 | 111014s2011 cl |||||s|||| 00||0 spa d | ||
| 035 | _a5981 | ||
| 040 | _avLex | ||
| 090 |
_c2658 _d2658 |
||
| 100 | 1 | _aOssandón Widow, María Magdalena | |
| 245 | 1 | 3 |
_aLa formulación de tipos penales _h[Recurso electrónico] : _bValoración crítica de los instrumentos de Técnica Legislativa / _cMaría Magdalena Ossandón Widow |
| 256 | _aServicio en línea. | ||
| 260 |
_a[Chile] : _bEditorial jurídica de Chile, _c2011 |
||
| 300 | _a1 recurso electrónico | ||
| 506 | 1 |
_aContenido solo disponible en los productos indicados _dvLex Global _dvLex Global (Academic Edition, excluding Law Schools) _dvLex Global (U.S. Academic Edition, Law Schools) _dvLex Global (U.S. Academic Edition, excluding Law Schools) _dvLex Global (Academic Edition, Law Schools) |
|
| 650 | 0 | 4 |
_aFormularios jurídicos _zChile |
| 740 | 0 | _avLex Libros (Servicio en línea) | |
| 856 | 4 | 0 | _uhttps://app.vlex.com/#/sources/5981 |
| 942 | _cRAA | ||
| 999 |
_c161078 _d161078 |
||